| 000 | 00432nam a22001691a 4500 | ||
|---|---|---|---|
| 020 | _a9788126120871 | ||
| 082 |
_a305.568 8 _bMAM/D |
||
| 245 |
_aDalit women : issues and perspectives/ _cby Mamta Rajawat (ed.) |
||
| 260 |
_aNew Delhi: _bAnmol, _c2005. |
||
| 300 | _a361p. | ||
| 650 | _aDalit Studies | ||
| 650 | _aDalit Women | ||
| 650 | _aDalit India | ||
| 650 | _aSocial Sciences | ||
| 700 | _aMamta Rajawat (ed.) | ||
| 942 | _cBK | ||
| 999 |
_c9794 _d9794 |
||